| 000 | 00699nam a22001577a 4500 | ||
|---|---|---|---|
| 003 | OSt | ||
| 005 | 20151216144500.0 | ||
| 008 | 151216b xxu||||| |||| 00| 0 eng d | ||
| 040 | _cRUA | ||
| 082 | _aAED UN 2006 B224 Or.1 | ||
| 100 |
_94931 _aUN, SAROUEN. |
||
| 245 | _aThe study on small scale aquaculture in pond in kong pisey district, kongpong speu province, ការសិក្សាទៅលើការចិញ្ចឹមត្រី ក្នុងស្រះជាលក្ខណៈគ្រួសារក្នុងស្រុកគងពិសី ខេត្តកំពង់ស្ពឺ | ||
| 260 |
_aPhnom Penh _bRUA _c2006 |
||
| 300 |
_ax, 48p. _bill. _c29cm. |
||
| 942 |
_2ddc _cAED |
||
| 999 |
_c4581 _d4581 |
||